000 00978nam a2200289 i 4500
003 EG-GICUC
005 20260121101504.0
008 251215s1956 sz ||||fr ||| 00| 0 fre d
040 _aEG-GICUC
_cEG-GICUC
_dEG-GICUC
_erda
_bfre
041 0 _afre
082 0 4 _221
_a341.23
_bOR . D
092 0 4 _221
099 _aLaw1 11 341.23 OR . D 1956
110 _aOrganisation Internationale Du Travail
_eAuteur
245 1 2 _aDixieme Rapport De L'Organisation Internationale Du Travail Aux Nations Unies /
_cOrganisation Internationale Du Travail .
264 0 _aGeneve :
_bBureau International Du Travail ,
_c1956 .
300 _a82 Pages;
_c30 cm.
336 _atext
_2rda content
337 _aComputer
_2rda media
338 _aOnline Resource
_2rda carrier
546 _aTexte en français
650 0 4 _aDroit international public
650 0 4 _aLes Nations Unies
856 _uhttps://fll.law.cu.edu.eg/fulltext/th/B11-05170.pdf
905 _a59
942 _2ddc
_cBK
_e21
_n0
999 _c50517
_d50517